| 000 | 00767nam a22001695i 4500 | ||
|---|---|---|---|
| 001 | 167128 | ||
| 003 | ES-MaACL | ||
| 005 | 20230906213451.0 | ||
| 008 | 020212s1872 sp |||| | spa d | ||
| 040 |
_aCAM _bspa _cCAM |
||
| 100 | 1 |
_aVegramunte, Cecilio. _9133586 |
|
| 245 | 1 | 0 |
_aQuien bien te quiera... _b: proverbio en tres actos, y en prosa / _coriginal de Cecilio Vegramunte. |
| 260 |
_aMadrid : _b[s.n.], _c1872 ( _fImprenta de José M. Ducazcal) |
||
| 300 |
_a87 p. ; _c19 cm. |
||
| 500 | 1 | _aEn port.: Estrenado el 18 de octubre de 1872 en el Teatro Español. | |
| 852 |
_aES-MaACL _jF-8561(5) _z-- Enc. pasta española _z-- Ex-libris ms. de Gustavo Saenz Diez _z-- Enc. en un vol. facticio formando parte de la col. facticia "Teatro español moderno", vol. 12 |
||
| 999 |
_c167128 _d167128 |
||